[Event "DVM U20w 2020"]
[Site "Willingen GER"]
[Date "2021.06.25"]
[Round "3"]
[White "Bardorz, Jana"]
[Black "Flach, Helene"]
[Result "1-0"]
[Termination "normal"]
[Board "2.2"]
[WhiteElo "1939"]
[BlackElo "1749"]
[WhiteClock "00:01:59"]
[BlackClock "00:01:25"]
[WhiteTeam "SC Bavaria Regensburg von 1881 e.V."]
[BlackTeam "SK Langen"]
[PlyCount "67"]
[WhiteFideId "16208897"]
[BlackFideId "12929735"]
[EventCountry "GER"]
[EventRounds "7"]
[EventType "team-swiss"]
[EventDate "2021.06.23"]

1. e4 {[%clk 01:30:56]  [%emt 00:00:04]} 1... c5 { [%clk 01:30:45]  [%emt
00:00:15]} 2. Nf3 {[%clk 01:31:20]  [%emt 00:00:06]} 2... e6 {[%clk 01:31:09] 
[%emt 00:00:07]} 3. d4 { [%clk 01:31:45]  [%emt 00:00:05]} 3... cxd4 {[%clk
01:31:33]  [%emt 00:00:06]} 4. Nxd4 {[%clk 01:32:08]  [%emt 00:00:06]} 4... a6
{ [%clk 01:31:57]  [%emt 00:00:07]} 5. Bd3 {[%clk 01:32:10]  [%emt 00:00:27]}
5... Qc7 {[%clk 01:31:35]  [%emt 00:00:52]} 6. O-O { [%clk 01:30:40]  [%emt
00:02:01]} 6... Nf6 {[%clk 01:31:56]  [%emt 00:00:09]} 7. Qe2 {[%clk 01:30:24] 
[%emt 00:00:46]} 7... d6 { [%clk 01:31:03]  [%emt 00:01:23]} 8. c4 {[%clk
01:29:07]  [%emt 00:01:47]} 8... Nbd7 {[%clk 01:30:09]  [%emt 00:01:24]} 9. f4
{[%clk 01:26:08]  [%emt 00:03:29] } 9... b6 {[%clk 01:29:14]  [%emt 00:01:25]}
10. Nc3 { [%clk 01:25:24]  [%emt 00:01:15]} 10... Be7 {[%clk 01:21:47]  [%emt
00:07:57]} 11. Kh1 {[%clk 01:22:53]  [%emt 00:03:01]} 11... Nc5 { [%clk
01:12:04]  [%emt 00:10:13]} 12. Bc2 {[%clk 01:20:24]  [%emt 00:02:59]} 12...
Bb7 {[%clk 01:11:12]  [%emt 00:01:23]} 13. e5 { [%clk 01:10:39]  [%emt
00:10:14]} 13... Ng8 {[%clk 01:03:47]  [%emt 00:07:55]} 14. f5 {[%clk 01:01:41]
 [%emt 00:09:28]} 14... dxe5 { [%clk 00:45:58]  [%emt 00:18:19]} 15. fxe6
{[%clk 00:58:47]  [%emt 00:03:25]} 15... O-O-O {[%clk 00:36:23]  [%emt
00:10:05]} 16. exf7 { [%clk 00:50:53]  [%emt 00:08:23]} 16... exd4 {[%clk
00:29:59]  [%emt 00:06:55]} 17. fxg8=Q {[%clk 00:45:59]  [%emt 00:05:25]} 17...
Rhxg8 { [%clk 00:29:23]  [%emt 00:01:06]} 18. Bf5+ {[%clk 00:45:45]  [%emt
00:00:43]} 18... Kb8 {[%clk 00:27:40]  [%emt 00:02:12]} 19. Nd5 { [%clk
00:45:16]  [%emt 00:00:59]} 19... Bxd5 {[%clk 00:21:28]  [%emt 00:06:43]} 20.
cxd5 {[%clk 00:45:39]  [%emt 00:00:07]} 20... Rge8 { [%clk 00:13:04]  [%emt
00:08:53]} 21. b4 {[%clk 00:41:05]  [%emt 00:05:03]} 21... Bf6 {[%clk 00:08:48]
 [%emt 00:04:46]} 22. Qf3 { [%clk 00:37:11]  [%emt 00:04:24]} 22... Na4 {[%clk
00:05:09]  [%emt 00:04:10]} 23. Be6 {[%clk 00:32:56]  [%emt 00:04:44]} 23...
Nc3 { [%clk 00:04:33]  [%emt 00:01:05]} 24. Qh5 {[%clk 00:24:14]  [%emt
00:09:15]} 24... Qc4 {[%clk 00:04:09]  [%emt 00:00:53]} 25. Bf4+ { [%clk
00:22:27]  [%emt 00:02:16]} 25... Ka8 {[%clk 00:02:51]  [%emt 00:01:48]} 26.
Rac1 {[%clk 00:19:55]  [%emt 00:03:01]} 26... Qxb4 { [%clk 00:03:15]  [%emt
00:00:06]} 27. Bc7 {[%clk 00:18:40]  [%emt 00:01:45]} 27... Qb5 {[%clk
00:01:16]  [%emt 00:02:29]} 28. Bxd8 { [%clk 00:16:53]  [%emt 00:02:17]} 28...
Rxd8 {[%clk 00:01:43]  [%emt 00:00:04]} 29. Qxh7 {[%clk 00:11:19]  [%emt
00:06:03]} 29... d3 { [%clk 00:00:47]  [%emt 00:01:25]} 30. Rxf6 {[%clk
00:01:55]  [%emt 00:09:55]} 30... gxf6 {[%clk 00:01:10]  [%emt 00:00:06]} 31.
Qc7 { [%clk 00:02:04]  [%emt 00:00:22]} 31... d2 {[%clk 00:00:39]  [%emt
00:01:01]} 32. Qxd8+ {[%clk 00:02:05]  [%emt 00:00:30]} 32... Ka7 { [%clk
00:01:00]  [%emt 00:00:09]} 33. Qc7+ {[%clk 00:02:04]  [%emt 00:00:30]} 33...
Ka8 {[%clk 00:01:25]  [%emt 00:00:06]} 34. Qxc3 { [%clk 00:01:59]  [%emt
00:00:35]} 1-0

[Event "DVM U20w 2020"]
[Site "Willingen GER"]
[Date "2021.06.25"]
[Round "3"]
[White "Riegel, Arinna"]
[Black "Oberhofer, Marie"]
[Result "1/2-1/2"]
[Termination "normal"]
[Board "2.3"]
[WhiteElo "1881"]
[BlackElo "1771"]
[WhiteClock "00:26:47"]
[BlackClock "00:11:15"]
[WhiteTeam "SK Langen"]
[BlackTeam "SC Bavaria Regensburg von 1881 e.V."]
[PlyCount "63"]
[WhiteFideId "12931446"]
[BlackFideId "12938165"]
[EventCountry "GER"]
[EventRounds "7"]
[EventType "team-swiss"]
[EventDate "2021.06.23"]

1. Nf3 {[%clk 01:30:58]  [%emt 00:00:02]} 1... c5 { [%clk 01:30:52]  [%emt
00:00:07]} 2. g3 {[%clk 01:30:50]  [%emt 00:00:38]} 2... Nc6 {[%clk 01:30:22] 
[%emt 00:00:59]} 3. d4 {[%clk 01:27:15]  [%emt 00:04:06]} 3... cxd4 {[%clk
01:30:10]  [%emt 00:00:42]} 4. Nxd4 { [%clk 01:27:35]  [%emt 00:00:10]} 4... g6
{[%clk 01:28:50]  [%emt 00:01:50]} 5. c3 {[%clk 01:27:05]  [%emt 00:01:00]}
5... Bg7 { [%clk 01:28:20]  [%emt 00:00:59]} 6. Bg2 {[%clk 01:27:12]  [%emt
00:00:23]} 6... Nf6 {[%clk 01:24:17]  [%emt 00:04:32]} 7. Nd2 { [%clk 01:26:27]
 [%emt 00:01:14]} 7... O-O {[%clk 01:15:42]  [%emt 00:09:05]} 8. N2b3 {[%clk
01:24:36]  [%emt 00:02:22]} 8... Nxd4 { [%clk 01:10:28]  [%emt 00:05:44]} 9.
Nxd4 {[%clk 01:23:19]  [%emt 00:01:48]} 9... d5 {[%clk 01:04:50]  [%emt
00:06:07]} 10. O-O { [%clk 01:21:33]  [%emt 00:02:16]} 10... Re8 {[%clk
01:00:31]  [%emt 00:04:49]} 11. Bd2 {[%clk 01:09:10]  [%emt 00:12:54]} 11...
Rb8 { [%clk 00:51:52]  [%emt 00:09:08]} 12. Qb3 {[%clk 01:06:41]  [%emt
00:03:00]} 12... Qd7 {[%clk 00:43:22]  [%emt 00:09:00]} 13. Qb5 { [%clk
00:59:26]  [%emt 00:07:45]} 13... e5 {[%clk 00:42:10]  [%emt 00:01:42]} 14.
Qxd7 {[%clk 00:59:04]  [%emt 00:00:53]} 14... Bxd7 { [%clk 00:42:33]  [%emt
00:00:07]} 15. Nb3 {[%clk 00:59:19]  [%emt 00:00:15]} 15... b6 {[%clk 00:35:39]
 [%emt 00:07:24]} 16. Rfe1 { [%clk 00:58:41]  [%emt 00:01:08]} 16... Rbd8
{[%clk 00:34:58]  [%emt 00:01:10]} 17. Bg5 {[%clk 00:57:27]  [%emt 00:01:45]}
17... Be6 { [%clk 00:33:43]  [%emt 00:01:44]} 18. e4 {[%clk 00:49:49]  [%emt
00:08:08]} 18... h6 {[%clk 00:32:15]  [%emt 00:01:58]} 19. exd5 { [%clk
00:49:17]  [%emt 00:01:03]} 19... Bxd5 {[%clk 00:32:35]  [%emt 00:00:10]} 20.
Be3 {[%clk 00:47:59]  [%emt 00:01:47]} 20... Bxg2 { [%clk 00:29:29]  [%emt
00:03:37]} 21. Kxg2 {[%clk 00:39:53]  [%emt 00:08:37]} 21... Ng4 {[%clk
00:27:12]  [%emt 00:02:46]} 22. Bd2 { [%clk 00:34:00]  [%emt 00:06:23]} 22...
Kh7 {[%clk 00:23:04]  [%emt 00:04:37]} 23. f3 {[%clk 00:33:41]  [%emt
00:00:51]} 23... Nf6 { [%clk 00:23:26]  [%emt 00:00:07]} 24. Be3 {[%clk
00:33:52]  [%emt 00:00:18]} 24... e4 {[%clk 00:20:08]  [%emt 00:03:48]} 25. Bf2
{ [%clk 00:32:56]  [%emt 00:01:26]} 25... exf3+ {[%clk 00:20:21]  [%emt
00:00:18] } 26. Kxf3 {[%clk 00:33:25]} 26... Rd3+ {[%clk 00:15:41]  [%emt
00:05:10]} 27. Re3 {[%clk 00:29:30]  [%emt 00:04:25]} 27... Rdxe3+ { [%clk
00:15:45]  [%emt 00:00:26]} 28. Bxe3 {[%clk 00:29:49]  [%emt 00:00:11]} 28...
Nd5 {[%clk 00:15:51]  [%emt 00:00:23]} 29. Bd4 { [%clk 00:28:50]  [%emt
00:01:29]} 29... Bxd4 {[%clk 00:15:44]  [%emt 00:00:37]} 30. Nxd4 {[%clk
00:29:19]  [%emt 00:00:02]} 30... Kg7 { [%clk 00:13:25]  [%emt 00:02:48]} 31.
Rd1 {[%clk 00:28:50]  [%emt 00:00:57]} 31... Nf6 {[%clk 00:11:15]  [%emt
00:02:41]} 32. Nc6 { [%clk 00:26:47]  [%emt 00:02:35]} 1/2-1/2

[Event "DVM U20w 2020"]
[Site "Willingen GER"]
[Date "2021.06.25"]
[Round "3"]
[White "Brunner, Sophia"]
[Black "Wagner, Margarethe"]
[Result "1-0"]
[Termination "normal"]
[Board "3.1"]
[WhiteElo "1892"]
[BlackElo "1841"]
[WhiteClock "00:05:02"]
[BlackClock "00:01:04"]
[WhiteTeam "SK Nordhorn-Blanke"]
[BlackTeam "Erfurter Schachklub"]
[PlyCount "91"]
[WhiteFideId "12960683"]
[BlackFideId "16236947"]
[EventCountry "GER"]
[EventRounds "7"]
[EventType "team-swiss"]
[EventDate "2021.06.23"]

1. d4 {[%clk 01:30:57]  [%emt 00:00:03]} 1... Nf6 { [%clk 01:30:53]  [%emt
00:00:08]} 2. c4 {[%clk 01:31:17]  [%emt 00:00:10]} 2... g6 {[%clk 01:31:11] 
[%emt 00:00:12]} 3. Nc3 {[%clk 01:31:38]  [%emt 00:00:09]} 3... Bg7 {[%clk
01:31:23]  [%emt 00:00:18]} 4. e4 { [%clk 01:31:47]  [%emt 00:00:22]} 4... d6
{[%clk 01:31:18]  [%emt 00:00:33]} 5. f4 {[%clk 01:32:09]  [%emt 00:00:09]}
5... O-O { [%clk 01:30:39]  [%emt 00:01:09]} 6. Nf3 {[%clk 01:30:15]  [%emt
00:02:25]} 6... c5 {[%clk 01:28:09]  [%emt 00:02:59]} 7. d5 { [%clk 01:27:53] 
[%emt 00:02:52]} 7... e6 {[%clk 01:24:56]  [%emt 00:03:44]} 8. Be2 {[%clk
01:27:03]  [%emt 00:01:20]} 8... a6 { [%clk 01:22:30]  [%emt 00:02:56]} 9. a4
{[%clk 01:27:15]  [%emt 00:00:17]} 9... Re8 {[%clk 01:19:54]  [%emt 00:03:06]}
10. Nd2 { [%clk 01:26:41]  [%emt 00:01:04]} 10... exd5 {[%clk 01:17:53]  [%emt
00:02:31]} 11. cxd5 {[%clk 01:26:45]  [%emt 00:00:26]} 11... Qc7 { [%clk
01:07:55]  [%emt 00:10:28]} 12. O-O {[%clk 01:24:47]  [%emt 00:02:27]} 12... b6
{[%clk 01:04:47]  [%emt 00:03:38]} 13. Bf3 { [%clk 01:14:47]  [%emt 00:10:30]}
13... Nbd7 {[%clk 00:58:24]  [%emt 00:06:52]} 14. g4 {[%clk 01:13:07]  [%emt
00:02:11]} 14... h6 { [%clk 00:49:32]  [%emt 00:09:23]} 15. Nc4 {[%clk
01:02:35]  [%emt 00:11:01]} 15... Rb8 {[%clk 00:47:56]  [%emt 00:02:06]} 16.
Qb3 { [%clk 00:44:28]  [%emt 00:18:36]} 16... Bf8 {[%clk 00:40:04]  [%emt
00:08:22]} 17. Re1 {[%clk 00:32:45]  [%emt 00:12:14]} 17... Bb7 { [%clk
00:34:06]  [%emt 00:06:28]} 18. Be3 {[%clk 00:31:11]  [%emt 00:02:04]} 18...
Ba8 {[%clk 00:31:48]  [%emt 00:02:48]} 19. Bf2 { [%clk 00:28:40]  [%emt
00:03:01]} 19... Nh7 {[%clk 00:26:12]  [%emt 00:06:06]} 20. Bg3 {[%clk
00:27:13]  [%emt 00:01:57]} 20... Bg7 { [%clk 00:24:00]  [%emt 00:02:42]} 21.
h4 {[%clk 00:17:20]  [%emt 00:10:23]} 21... Bd4+ {[%clk 00:16:57]  [%emt
00:07:32]} 22. Kh2 { [%clk 00:15:39]  [%emt 00:02:12]} 22... Bb7 {[%clk
00:12:24]  [%emt 00:05:04]} 23. Re2 {[%clk 00:04:36]  [%emt 00:11:32]} 23...
Bc8 { [%clk 00:10:44]  [%emt 00:02:09]} 24. g5 {[%clk 00:04:00]  [%emt
00:01:07]} 24... h5 {[%clk 00:10:23]  [%emt 00:00:52]} 25. Rae1 { [%clk
00:01:12]  [%emt 00:03:17]} 25... Bxc3 {[%clk 00:10:13]  [%emt 00:00:39]} 26.
Qxc3 {[%clk 00:00:55]  [%emt 00:00:47]} 26... b5 { [%clk 00:10:38]  [%emt
00:00:06]} 27. axb5 {[%clk 00:01:02]  [%emt 00:00:23]} 27... axb5 {[%clk
00:10:49]  [%emt 00:00:18]} 28. Nd2 { [%clk 00:00:58]  [%emt 00:00:35]} 28...
b4 {[%clk 00:09:16]  [%emt 00:02:03]} 29. Qc2 {[%clk 00:00:47]  [%emt
00:00:41]} 29... Ba6 { [%clk 00:09:11]  [%emt 00:00:36]} 30. Re3 {[%clk
00:00:39]  [%emt 00:00:38]} 30... c4 {[%clk 00:05:45]  [%emt 00:03:56]} 31. e5
{ [%clk 00:00:41]  [%emt 00:00:29]} 31... Qa7 {[%clk 00:01:40]  [%emt
00:04:35]} 32. Bf2 {[%clk 00:00:34]  [%emt 00:00:37]} 32... dxe5 { [%clk
00:01:38]  [%emt 00:00:32]} 33. R3e2 {[%clk 00:00:37]  [%emt 00:00:27]} 33...
Qc7 {[%clk 00:01:48]  [%emt 00:00:20]} 34. fxe5 { [%clk 00:00:35]  [%emt
00:00:32]} 34... c3 {[%clk 00:01:44]  [%emt 00:00:33]} 35. Re3 {[%clk 00:00:35]
 [%emt 00:00:31]} 35... Rbc8 { [%clk 00:00:52]  [%emt 00:01:22]} 36. d6 {[%clk
00:00:39]  [%emt 00:00:26]} 36... Qa5 {[%clk 00:00:44]  [%emt 00:00:37]} 37.
Nb3 { [%clk 00:00:37]  [%emt 00:00:33]} 37... Qd8 {[%clk 00:00:36]  [%emt
00:00:37]} 38. bxc3 {[%clk 00:00:38]  [%emt 00:00:29]} 38... Nxe5 { [%clk
00:00:35]  [%emt 00:00:31]} 39. Rxe5 {[%clk 00:00:32]  [%emt 00:00:35]} 39...
Rxe5 {[%clk 00:00:35]  [%emt 00:00:31]} 40. Rxe5 { [%clk 00:00:52]  [%emt
00:00:10]} 40... Qxd6 {[%clk 00:00:53]  [%emt 00:00:13]} 41. Bg3 {[%clk
00:29:57]  [%emt 00:01:25]} 41... Qb6 { [%clk 00:27:02]  [%emt 00:04:20]} 42.
Bd5 {[%clk 00:16:36]  [%emt 00:13:50]} 42... Rxc3 {[%clk 00:19:58]  [%emt
00:07:34]} 43. Re8+ { [%clk 00:12:22]  [%emt 00:04:44]} 43... Nf8 {[%clk
00:18:20]  [%emt 00:02:09]} 44. Qe4 {[%clk 00:10:48]  [%emt 00:02:04]} 44...
Bb5 { [%clk 00:01:28]  [%emt 00:17:21]} 45. Rxf8+ {[%clk 00:04:37]  [%emt
00:06:42]} 45... Kxf8 {[%clk 00:01:04]  [%emt 00:00:55]} 46. Qxb4+ { [%clk
00:05:02]  [%emt 00:00:05]} 1-0

[Event "DVM U20w 2020"]
[Site "Willingen GER"]
[Date "2021.06.25"]
[Round "3"]
[White "Wagner, Victoria"]
[Black "Rudolph, Eva"]
[Result "1/2-1/2"]
[Termination "normal"]
[Board "3.2"]
[WhiteElo "1727"]
[BlackElo "1860"]
[WhiteClock "00:09:57"]
[BlackClock "00:12:00"]
[WhiteTeam "Erfurter Schachklub"]
[BlackTeam "SK Nordhorn-Blanke"]
[PlyCount "45"]
[WhiteFideId "16232348"]
[BlackFideId "16200594"]
[EventCountry "GER"]
[EventRounds "7"]
[EventType "team-swiss"]
[EventDate "2021.06.23"]

1. e4 {[%clk 01:30:56]  [%emt 00:00:03]} 1... c5 { [%clk 01:30:54]  [%emt
00:00:08]} 2. Nf3 {[%clk 01:31:19]  [%emt 00:00:06]} 2... e6 {[%clk 01:31:17] 
[%emt 00:00:06]} 3. d4 { [%clk 01:31:38]  [%emt 00:00:10]} 3... cxd4 {[%clk
01:31:42]  [%emt 00:00:06]} 4. Nxd4 {[%clk 01:32:02]  [%emt 00:00:06]} 4... a6
{ [%clk 01:32:08]  [%emt 00:00:04]} 5. Bd3 {[%clk 01:32:12]  [%emt 00:00:19]}
5... Nf6 {[%clk 01:32:27]  [%emt 00:00:11]} 6. O-O { [%clk 01:32:04]  [%emt
00:00:38]} 6... Qc7 {[%clk 01:32:43]  [%emt 00:00:14]} 7. Qe2 {[%clk 01:32:16] 
[%emt 00:00:18]} 7... d6 { [%clk 01:33:02]  [%emt 00:00:11]} 8. c4 {[%clk
01:32:24]  [%emt 00:00:22]} 8... g6 {[%clk 01:33:08]  [%emt 00:00:25]} 9. Nc3
{[%clk 01:31:14]  [%emt 00:01:39]} 9... Bg7 {[%clk 01:33:20]  [%emt 00:00:18]}
10. Be3 { [%clk 01:30:57]  [%emt 00:00:47]} 10... O-O {[%clk 01:32:58]  [%emt
00:00:53]} 11. f3 {[%clk 01:27:29]  [%emt 00:03:57]} 11... Nbd7 { [%clk
01:31:50]  [%emt 00:01:38]} 12. Rac1 {[%clk 01:17:09]  [%emt 00:10:50]} 12...
Ne5 {[%clk 01:22:16]  [%emt 00:10:04]} 13. Rfd1 { [%clk 01:12:08]  [%emt
00:05:29]} 13... b6 {[%clk 01:08:09]  [%emt 00:14:38]} 14. b3 {[%clk 01:08:05] 
[%emt 00:04:34]} 14... Bb7 { [%clk 01:04:07]  [%emt 00:04:32]} 15. Qf2 {[%clk
01:05:25]  [%emt 00:03:06]} 15... Nfd7 {[%clk 01:02:14]  [%emt 00:02:26]} 16.
Be2 { [%clk 01:01:47]  [%emt 00:04:05]} 16... Qb8 {[%clk 00:44:28]  [%emt
00:18:18]} 17. Na4 {[%clk 00:32:23]  [%emt 00:29:53]} 17... Rc8 { [%clk
00:27:08]  [%emt 00:17:51]} 18. Nc3 {[%clk 00:20:54]  [%emt 00:11:59]} 18...
Nc6 {[%clk 00:18:22]  [%emt 00:09:16]} 19. Nxc6 { [%clk 00:18:17]  [%emt
00:03:07]} 19... Rxc6 {[%clk 00:17:00]  [%emt 00:01:52]} 20. Bd4 {[%clk
00:15:07]  [%emt 00:03:40]} 20... Qf8 { [%clk 00:13:59]  [%emt 00:03:31]} 21.
Bf1 {[%clk 00:11:27]  [%emt 00:04:10]} 21... Rd8 {[%clk 00:12:48]  [%emt
00:01:41]} 22. Na4 { [%clk 00:10:03]  [%emt 00:01:55]} 22... Nc5 {[%clk
00:12:00]  [%emt 00:01:18]} 23. Nc3 {[%clk 00:09:57]  [%emt 00:00:33]} 1/2-1/2

[Event "DVM U20w 2020"]
[Site "Willingen GER"]
[Date "2021.06.25"]
[Round "3"]
[White "Wilmink, Anna"]
[Black "Krömer, Paulina"]
[Result "1-0"]
[Termination "normal"]
[Board "3.3"]
[WhiteElo "1552"]
[BlackElo "1539"]
[WhiteClock "00:01:55"]
[BlackClock "00:01:06"]
[WhiteTeam "SK Nordhorn-Blanke"]
[BlackTeam "Erfurter Schachklub"]
[PlyCount "77"]
[WhiteFideId "16273680"]
[BlackFideId "16212363"]
[EventCountry "GER"]
[EventRounds "7"]
[EventType "team-swiss"]
[EventDate "2021.06.23"]

1. d4 {[%clk 01:30:56]  [%emt 00:00:03]} 1... d5 { [%clk 01:30:53]  [%emt
00:00:08]} 2. g3 {[%clk 01:31:18]  [%emt 00:00:09]} 2... e6 {[%clk 01:30:58] 
[%emt 00:00:25]} 3. Bg2 {[%clk 01:31:38]  [%emt 00:00:09]} 3... f5 {[%clk
01:30:57]  [%emt 00:00:31]} 4. Nf3 { [%clk 01:31:12]  [%emt 00:00:56]} 4... Nf6
{[%clk 01:30:29]  [%emt 00:00:59]} 5. Bf4 {[%clk 01:30:16]  [%emt 00:01:25]}
5... Be7 { [%clk 01:29:39]  [%emt 00:01:19]} 6. Nbd2 {[%clk 01:29:36]  [%emt
00:01:11]} 6... O-O {[%clk 01:28:41]  [%emt 00:01:27]} 7. O-O { [%clk 01:28:59]
 [%emt 00:01:07]} 7... Ne4 {[%clk 01:26:07]  [%emt 00:03:05]} 8. Ne5 {[%clk
01:19:24]  [%emt 00:10:05]} 8... Nd7 { [%clk 01:18:43]  [%emt 00:07:54]} 9. f3
{[%clk 01:14:50]  [%emt 00:05:05]} 9... Nef6 {[%clk 01:14:08]  [%emt 00:05:05]}
10. e4 { [%clk 01:11:43]  [%emt 00:03:37]} 10... Nh5 {[%clk 01:12:21]  [%emt
00:02:16]} 11. Nxd7 {[%clk 01:06:13]  [%emt 00:06:00]} 11... Bxd7 { [%clk
01:11:34]  [%emt 00:01:17]} 12. Be5 {[%clk 01:04:33]  [%emt 00:02:09]} 12... c6
{[%clk 01:09:05]  [%emt 00:03:00]} 13. c4 { [%clk 00:59:32]  [%emt 00:05:31]}
13... Nf6 {[%clk 01:06:21]  [%emt 00:03:15]} 14. Kh1 {[%clk 00:53:55]  [%emt
00:06:06]} 14... Be8 { [%clk 01:03:34]  [%emt 00:03:17]} 15. g4 {[%clk
00:50:10]  [%emt 00:04:16]} 15... Nd7 {[%clk 00:55:20]  [%emt 00:08:44]} 16.
gxf5 { [%clk 00:45:33]  [%emt 00:05:06]} 16... Nxe5 {[%clk 00:53:47]  [%emt
00:02:03]} 17. dxe5 {[%clk 00:45:34]  [%emt 00:00:29]} 17... dxc4 { [%clk
00:39:06]  [%emt 00:15:11]} 18. Nxc4 {[%clk 00:42:27]  [%emt 00:03:36]} 18...
exf5 {[%clk 00:35:15]  [%emt 00:04:21]} 19. exf5 { [%clk 00:40:51]  [%emt
00:02:06]} 19... Qxd1 {[%emt 00:06:59]} 20. Raxd1 { [%clk 00:40:37]  [%emt
00:00:41]} 20... Rxf5 {[%clk 00:28:24]  [%emt 00:00:56]} 21. f4 {[%clk
00:39:12]  [%emt 00:01:54]} 21... g5 { [%clk 00:19:50]  [%emt 00:09:04]} 22.
fxg5 {[%clk 00:34:30]  [%emt 00:05:12]} 22... Rxf1+ {[%clk 00:19:11]  [%emt
00:01:09]} 23. Rxf1 { [%clk 00:33:02]  [%emt 00:01:58]} 23... Bxg5 {[%clk
00:17:59]  [%emt 00:01:42]} 24. Nd6 {[%clk 00:30:44]  [%emt 00:02:48]} 24... b6
{ [%clk 00:11:42]  [%emt 00:06:46]} 25. Rf5 {[%clk 00:25:33]  [%emt 00:05:42]}
25... h6 {[%clk 00:08:33]  [%emt 00:03:39]} 26. Nxe8 { [%clk 00:22:46]  [%emt
00:03:18]} 26... Rxe8 {[%clk 00:08:58]  [%emt 00:00:05]} 27. Bxc6 {[%clk
00:22:34]  [%emt 00:00:41]} 27... Rd8 { [%clk 00:07:05]  [%emt 00:02:24]} 28.
e6 {[%clk 00:15:38]  [%emt 00:07:27]} 28... Rd2 {[%clk 00:05:20]  [%emt
00:02:14]} 29. Bb5 { [%clk 00:11:54]  [%emt 00:04:13]} 29... Rd1+ {[%clk
00:01:45]  [%emt 00:04:06]} 30. Kg2 {[%clk 00:11:22]  [%emt 00:01:02]} 30...
Re1 { [%clk 00:02:04]  [%emt 00:00:11]} 31. Bc4 {[%clk 00:10:24]  [%emt
00:01:28]} 31... a5 {[%clk 00:01:58]  [%emt 00:00:36]} 32. Rf7 { [%clk
00:08:26]  [%emt 00:02:27]} 32... Kh8 {[%clk 00:02:10]  [%emt 00:00:19]} 33.
Rb7 {[%clk 00:06:12]  [%emt 00:02:45]} 33... Re4 { [%clk 00:02:01]  [%emt
00:00:38]} 34. b3 {[%clk 00:05:32]  [%emt 00:01:10]} 34... a4 {[%clk 00:01:41] 
[%emt 00:00:50]} 35. Rxb6 { [%clk 00:05:08]  [%emt 00:00:54]} 35... Rg4+ {[%clk
00:01:53]  [%emt 00:00:18]} 36. Kf3 {[%clk 00:04:24]  [%emt 00:01:12]} 36...
Rf4+ { [%clk 00:02:17]  [%emt 00:00:08]} 37. Kg3 {[%clk 00:03:25]  [%emt
00:01:28]} 37... Re4 {[%clk 00:01:46]  [%emt 00:01:02]} 38. Rb7 { [%clk
00:02:47]  [%emt 00:01:08]} 38... a3 {[%clk 00:01:06]  [%emt 00:01:10]} 39. Ra7
{[%clk 00:01:55]  [%emt 00:01:21] Zeitueberschreitung} 1-0